El viejo y el mar / (Registro nro. 4558)

Detalles MARC
000 -LEADER
fixed length control field 01310nam a2200265Ia 4500
003 - CONTROL NUMBER IDENTIFIER
control field OSt
005 - DATE AND TIME OF LATEST TRANSACTION
control field 20250710115524.0
008 - FIXED-LENGTH DATA ELEMENTS--GENERAL INFORMATION
fixed length control field 191128s2015 mx a br 000 f spa d
020 ## - INTERNATIONAL STANDARD BOOK NUMBER
International Standard Book Number 9786079568344
040 ## - CATALOGING SOURCE
Original cataloging agency CO-JMCR
Transcribing agency CO-JMCR
041 0# - LANGUAGE CODE
Language code of text/sound track or separate title spa
082 04 - DEWEY DECIMAL CLASSIFICATION NUMBER
Classification number N
Item number HEMv
100 1# - MAIN ENTRY--PERSONAL NAME
Personal name Hemingway, Ernest,
Relator term autor
9 (RLIN) 570
245 13 - TITLE STATEMENT
Title El viejo y el mar /
Statement of responsibility, etc. Ernest Hemingway
250 ## - EDITION STATEMENT
Edition statement 2a. edición
260 ## - PUBLICATION, DISTRIBUTION, ETC.
Place of publication, distribution, etc. México :
Name of publisher, distributor, etc. Ediciones MAAN,
Date of publication, distribution, etc. 2015
300 ## - PHYSICAL DESCRIPTION
Extent 123 páginas :
Other physical details ilustraciones a blanco y negro ;
Dimensions 19 cm.
490 0# - SERIES STATEMENT
Series statement Clásicos niños
500 ## - GENERAL NOTE
General note Incluye datos biográficos del autor en contraportada
520 ## - SUMMARY, ETC.
Summary, etc. Trata de un viejo solitario pescador cansado por los años de trabajo: su nombre es Santiago, y el único amigo que tiene es un muchacho a quien le enseñó a pescar muy pequeñín; todos conocían a este muchacho como Manolín. Todos en el pueblo sabían que Santiago era quizá el mejor pescador a pesar de sus años, y aunque muchos creían que su vida estaba llegando al final, Santiago deseaba poder retirarse con una buena presa y demostrar a todos que aún era un gran pescador.
650 14 - SUBJECT ADDED ENTRY--TOPICAL TERM
Topical term or geographic name entry element Novela estadounidense
Chronological subdivision Siglo XX
9 (RLIN) 1373
650 14 - SUBJECT ADDED ENTRY--TOPICAL TERM
Topical term or geographic name entry element Literatura estadounidense
Chronological subdivision Siglo XX
9 (RLIN) 1374
650 14 - SUBJECT ADDED ENTRY--TOPICAL TERM
Topical term or geographic name entry element Pescadores en la literatura
9 (RLIN) 1375
942 ## - ADDED ENTRY ELEMENTS (KOHA)
Source of classification or shelving scheme Dewey Decimal Classification
Koha item type Books
Existencias
Withdrawn status Lost status Source of classification or shelving scheme Materials specified (bound volume or other part) Damaged status Not for loan Collection code Home library Current library Date acquired Source of acquisition Cost, normal purchase price Total Checkouts Total Renewals Full call number Barcode Date last seen Date last checked out Copy number Price effective from Koha item type
    Dewey Decimal Classification Donación--15/01/2018--     Fiction Biblioteca Pública José María del Castillo y Rada Biblioteca Pública José María del Castillo y Rada 01/15/2018 Donación 0.00 6 4 N HEMv 201811632 03/31/2026 03/31/2026 Ej.1 11/28/2019 Books